| 000 | 00393cam a2200157ua 4500 | ||
|---|---|---|---|
| 041 |
_aeng _h |
||
| 082 |
_a828.09 _bRAJ/PA |
||
| 100 | _aRajan, B . | ||
| 245 |
_aParadise lost and seventeenth century reader / _cB Rajan. _hTextual Documents |
||
| 250 |
_a1 / _b. |
||
| 260 |
_aLondon : _bChatto and Windus , _c1962. |
||
| 300 | _a171 ; . | ||
| 504 | _a | ||
| 942 | _cBK | ||
| 999 |
_c3564 _d3564 |
||